Cándido lópez : proyecto cultural :

Guardado en:
Formato: Libro
Publicado: Buenos Aires : Banco Velox, 1997
Materias:
Etiquetas: Agregar Etiqueta
Sin Etiquetas, Sea el primero en etiquetar este registro!
LEADER 00742nam a22002295a 4500
001 CEM.cems009695
005 20080722111557.0
008 130507s1997##################000#0#####d
003 CEMS
082 0 4 |a 759.982 
245 0 0 |a Cándido lópez :  |b proyecto cultural : 
260 |a Buenos Aires :  |b Banco Velox,  |c 1997 
300 |a 63 p. 
505 0 |a Reproducciones -- Biografía 
653 |a Arte 
653 |a Candido lópez-biografía 
653 |a Candido lópez-pinturas 
653 |a Pintura 
653 |a Pintura argentina 
859 |a CEMS  |b BIB. CEMS - 11 de abril  |h 759.982  |i V545  |p 19933.98  |t Ej.1 
859 |a CEMS  |b BIB. CEMS - 11 de abril  |h 759.982  |i V545  |p 24045.07  |t Ej.2 
859 |a CEMS  |b BIB. CEMS - 11 de abril  |h 759.982  |i V545  |p 25721.09  |t Ej.3